| 000 | 00685cab a2200193 4500 | ||
|---|---|---|---|
| 001 | X92230 | ||
| 008 | 090401t1998 xxu||||| |||| 00| 0 eng d | ||
| 035 | _a(Sirsi) u86744 | ||
| 041 | _aeng | ||
| 245 | _aBritel Developments (Thatcham) Ltd v Nightfreight (GB) Ltd | ||
| 260 | _c1998 | ||
| 350 | _a0 | ||
| 490 |
_aNew Property Cases _v[1998] NPC 96, (3) |
||
| 520 | _aChD 19 May 1998. The court gives effect to a badly drafted deed to bring about its perceived purpose. Taken from report header. NOT TO BE PHOTOCOPIED. | ||
| 650 | _aBRITEL DEVELOPMENTS (THATCHAM) LTD V NIGHTFREIGHT (GB) LTD | ||
| 690 | _aPROPERTY LAW AND PRACTICE-CASE LAW | ||
| 942 | _n0 | ||
| 948 | _c09/06/1998 | ||
| 999 |
_c54629 _d54629 |
||